Polyfunkčný objekt

Salvato in:
Dettagli Bibliografici
Autore principale: Parasochka, Diana (Autore)
Altri autori: Jamnický, Martin (Relatore della tesi)
Natura: Manoscritto Libro
Lingua:slovacco
Pubblicazione: 2023
Soggetti:
Accesso online:http://is.stuba.sk/zp/portal_zp.pl?podrobnosti=168824
https://opac.crzp.sk/?fn=detailBiblioForm&sid=C0DEB8E07572332BAA250215805F
Tags: Aggiungi Tag
Nessun Tag, puoi essere il primo ad aggiungerne!!

MARC

LEADER 00000ntm a22000003a 4500
001 stuzp93926
003 SK-STU
005 20230920112422.8
007 ta
008 150427s2015----xo-----f-mn---000-0-slo-d
040 |a STU  |b slo 
041 0 |a slo 
100 1 |a Parasochka, Diana  |u 010180  |4 aut  |U SvF Stavebná fakulta  |T SvF Katedra konštrukcií pozemných stavieb  |X 116082  |U V180  |Y 18  |7 116082 
242 0 1 |a Poly-functional object  |y eng 
245 1 0 |a Polyfunkčný objekt 
260 |c 2023 
650 4 |a polyfunkčný objekt  |2 slo 
650 4 |a presklená fasáda  |2 slo 
650 4 |a kancelárske priestory  |2 slo 
650 4 |a vegetačná strecha  |2 slo 
650 4 |a office spaces  |2 eng 
650 4 |a polyfunctional object  |2 eng 
650 4 |a vegetative roof  |2 eng 
650 4 |a glazed facade  |2 eng 
700 1 |a Jamnický, Martin  |u 010180  |k Z1  |4 ths  |U SvF Stavebná fakulta  |T SvF Katedra konštrukcií pozemných stavieb  |X 4052  |U V180  |Y 18  |7 A000004052 
856 4 |u http://is.stuba.sk/zp/portal_zp.pl?podrobnosti=168824 
856 4 |u https://opac.crzp.sk/?fn=detailBiblioForm&sid=C0DEB8E07572332BAA250215805F